Music Quiz

Random Music or Country Music Quiz
Score 0/297 Timer 10:00
0 Plays Today
Lyrics % Correct
was
99.2%
was
99.2%
was
99.2%
was
99.2%
was
99.2%
was
99.2%
was
99.2%
was
99.2%
was
99.2%
was
99.2%
was
99.2%
was
99.2%
I
99%
I
99%
I
99%
I
99%
I
99%
I
99%
I
99%
I
99%
I
99%
I
99%
I
99%
I
99%
I
99%
I
99%
I
99%
I
99%
What
98.7%
What
98.7%
what
98.7%
what
98.7%
what
98.7%
what
98.7%
what
98.7%
What
98.7%
a
98.4%
a
98.4%
a
98.4%
think
98.4%
a
98.4%
the
98.4%
and
98.4%
the
98.4%
the
98.4%
a
98.4%
a
98.4%
the
98.4%
a
98.4%
the
98.4%
the
98.4%
the
98.4%
the
98.4%
and
98.4%
the
98.4%
and
98.4%
a
98.4%
the
98.4%
a
98.4%
and
98.4%
the
98.4%
the
98.4%
a
98.4%
a
98.4%
a
98.4%
a
98.4%
a
98.4%
a
98.4%
a
98.4%
the
98.4%
a
98.4%
and
98.4%
and
98.4%
a
98.4%
thinkin'?
97.7%
thinkin'?
97.7%
thinkin'
97.7%
thinkin
97.7%
thinkin'?
97.7%
thinkin'?
97.7%
thinkin'?
97.7%
(Chorus)
97.7%
thinkin'?
97.7%
thinkin'?
97.7%
(Chorus)
97.7%
in
96.9%
in
96.9%
in
96.9%
in
96.9%
in
96.9%
in
96.9%
he
93.8%
he
93.8%
to
93.8%
to
93.8%
to
93.8%
to
93.8%
he
93.8%
me
93%
Lyrics % Correct
me
93%
me
93%
little
92.5%
little
92.5%
little
92.5%
little
92.5%
little
92.5%
her
92.2%
daddy
92.2%
her
92.2%
daddy
92.2%
her
92.2%
Her
92.2%
my
90.7%
my
90.7%
my
90.7%
my
90.7%
be
89.9%
be
89.9%
like
89.7%
like
89.7%
like
89.7%
by
89.1%
by
89.1%
By
89.1%
time
88.4%
We
88.4%
we
88.4%
we
88.4%
She
87.9%
sittin'
87.9%
she
87.9%
sittin'
87.9%
she
87.9%
out
87.3%
out
87.3%
out
87.3%
'bout
87.3%
Out
87.3%
out
87.3%
there
86.3%
did
86%
But
85.8%
white
85.8%
But
85.8%
but
85.8%
top
85.5%
that
85%
that
85%
that
85%
on
84.8%
on
84.8%
tank
84.5%
slammer
84%
had
83.7%
had
83.7%
even
83.5%
right
83.2%
too
82.9%
too
82.9%
bo
82.9%
too
82.9%
night
82.7%
night
82.7%
hammer
82.2%
middle
82.2%
man
81.9%
man
81.9%
got
81.9%
long
81.7%
from
81.4%
kiss
80.9%
pound
80.6%
front
80.6%
get
80.6%
were
80.6%
front
80.6%
get
80.6%
were
80.6%
nine
80.4%
drive
79.8%
Alabama
79.3%
South
79.1%
came
78.6%
tailgate
78.3%
heart
77.3%
late
77%
feelin'
77%
late
77%
late
77%
Becky
76.7%
know
76.2%
twelve
75.5%
bout
75.5%
peppered
75.2%
of
75.2%
it
74.7%
it
74.7%
beauty
74.4%
Lyrics % Correct
just
73.9%
with
73.9%
knew
73.6%
knew
73.6%
mind
73.1%
mind
73.1%
goin'
72.6%
hell
71.6%
'cause
71.6%
hell
71.6%
gate
71.3%
crossed
71.1%
crossed
71.1%
gauge
70.8%
met
70.5%
gotta
70.5%
Oh
70.3%
Oh
70.3%
again
70.3%
one
70%
pay
69.3%
pay
69.3%
wavin'
68.2%
gone
68.2%
there'd
68%
there'd
68%
our
67.2%
come
66.7%
his
66.4%
way
66.4%
cops
65.1%
field
65.1%
corn
64.9%
bullet
64.9%
snuck
64.6%
faster
64.6%
off
64.1%
off
64.1%
tore
63.8%
tore
63.8%
for
63.3%
gave
63%
hollerin'
62.5%
grin
62.5%
at
61.8%
road
61.5%
through
61.5%
road
61.5%
past
61.2%
tooth
61%
home
60.7%
kill
60.5%
knocked
60.5%
heels
60.2%
born
59.9%
Then
59.9%
side
59.7%
tattoo
59.7%
half
59.7%
duke
59.4%
chair
59.4%
radio
59.2%
four
58.9%
When
58.7%
cut
58.7%
lawn
58.4%
Put
58.4%
dancin'
57.6%
started
57.4%
nippin'
57.1%
line
56.8%
ran
56.8%
wheel
56.6%
county
56.3%
other
56.3%
tried
56.3%
slidin'
56.3%
as
56.3%
close
56.1%
blastin'
55.6%
hood
54%
might
53.7%
tonk
53.7%
where
53.5%
Took
53.2%
honky
53.2%
driveway
53%
Hit
52.5%
mountain
52.2%
Pulled
51.9%
park
51.7%
dirt
50.1%
lights
49.9%
finally
49.6%
kicked
48.3%
outside
47.8%
lead
46.5%
daddy's
45%
Shut
40.6%
Remove Ads.
Support Sporcle.
Get the best of Sporcle when you Go Orange. This ad-free experience offers more features, more stats, and more fun while also helping to support Sporcle. Thank you for becoming a member.

You're not logged in!

Compare scores with friends on all Sporcle quizzes.
OR
Log In

Show Comments

Extras

Top Quizzes Today


Score Distribution

Your Account Isn't Verified!

In order to create a playlist on Sporcle, you need to verify the email address you used during registration. Go to your Sporcle Settings to finish the process.

Report this User

Report this user for behavior that violates our Community Guidelines.

Details: